| 000 | 01174cam a22002414a 4500 | ||
|---|---|---|---|
| 005 | 20250605164018.0 | ||
| 008 | 250528s ||||||||||||||||||||||||d | ||
| 035 | _a16249 | ||
| 020 | _a412341506 | ||
| 040 |
_aGR-AtMCL _bgre _dGR-AtMCL _eAACR2 |
||
| 245 | 1 | _aMaterials Science / Fourth Edition | |
| 250 | _a4th | ||
| 260 |
_bChapman & Hall, _c1990 |
||
| 300 | _a608 | ||
| 520 | _aThis edition provides a complete and current introduction to Materials Science. Periodic Table, Preface, Building Blocks: The Electron, Wave Mechanics, The Simplest Atom - Hydrogen, Atoms with Many Electrons - The Periodic Table, Molecules and Bonding, Crystal Structure, Thermal Phenomena in Materials, Crystal Defects, Mechanical Properties, Microstructure and Properties, Ceramics and Composites, Plastics and Polymers, Electrical Conduction in Metals, Semiconductors, Semiconductor Processing, Magnetic Materials, Dielectrics, Optical Materials, Further Reading, Appendices, Index. | ||
| 700 | 1 |
_aAlexander J. M. _92329 |
|
| 700 | 1 |
_aAnderson J. C. _92330 |
|
| 700 | 1 |
_aLeaver K. D _92331 |
|
| 700 | 1 |
_aRawlings R. D _92332 |
|
| 942 | _cBK | ||
| 999 |
_c1767 _d1767 |
||